000
00282nam a2200133Ia 4500
008
231129s1982||||xx |||||||||||||| ||spa||
040
_b
spa
082
_a
F843 Z86nan
100
_a
Zola Emile
245
0
_a
Nana
260
_c
1982
264
_a
La Oveja Negra
942
_2
ddc
_c
BKS
999
_c
21575
_d
21575